00397nam a2200145Ia 450000500170000000800410001702000180005804100120007610000160008824500600010425000090016426000460017330000090021965000230022820260327161135.0221030s9999 xx 000 0 und d a9789388267854 aEnglish aS. N. Misra 4aThe Code of Criminal Procedure 22nd Ed.cby S. N. Misra a22nd bCentral Law Publicationsc2022aAllahabad a1032 aCriminal Procedure